|
|
|
|
| LEADER |
01196ncm a2200361 a 4500 |
| 001 |
000777571 |
| 003 |
CZ BrMZK |
| 005 |
20180926125645.0 |
| 007 |
qu |
| 008 |
050606s2000 xr dfadg? ?? cze d |
| 015 |
|
|
|a cnb001828145
|
| 028 |
0 |
0 |
|a DH 134
|b Michal Steranka
|
| 040 |
|
|
|a BOA001
|b cze
|
| 048 |
|
|
|a of01
|b vu02
|
| 072 |
|
7 |
|a 788
|x Hudba pro dechové nástroje
|2 Konspekt
|9 9
|
| 080 |
|
|
|a 785.12
|2 MRF
|
| 080 |
|
|
|a 78.085.2
|2 MRF
|
| 080 |
|
|
|a 78.087
|2 MRF
|
| 100 |
1 |
|
|a Matula, Tomáš,
|d 1983-
|7 mzk2007390571
|4 cmp
|
| 245 |
1 |
0 |
|a Kouzelná láska
|h [hudebnina]:
|b polka /
|c Tomáš Matula, Marie Matulová
|
| 254 |
|
|
|a Hlasy
|
| 260 |
|
|
|a Křižanovice u Bučovic:
|b Michal Steranka,
|c c2000
|
| 300 |
|
|
|a 17 hlasů;
|e 14 x 20 cm
|
| 490 |
1 |
|
|a Dechová hudba ;
|v 134
|
| 650 |
0 |
7 |
|a dechová hudba
|7 ph119353
|z Česko
|y 20.-21. stol.
|2 czenas
|
| 650 |
0 |
4 |
|a polky (dechová hudba)
|
| 655 |
|
7 |
|a hlasy
|7 fd186703
|2 czenas
|
| 700 |
1 |
|
|a Matulová, Marie
|7 jx20090623005
|4 lyr
|
| 830 |
|
0 |
|a Dechová hudba (Steranka)
|
| 910 |
|
|
|a BOA001
|b Mus1-1152.131
|
| 990 |
|
|
|a MU
|
| 991 |
|
|
|b 200507
|c NOV
|
| 996 |
6 |
|
|b 2610249843
|c Mus1-1152.131
|l MZK
|r Sklad / do 1 hodiny
|n 1
|w 000777571
|u 000010
|a 1
|e BOA001
|j MZK50
|s P
|